Quiz de Banderas #1 - Estadísticas

Estadísticas generales
  • Esta prueba ha sido intentada 56 veces
  • La puntuación promedio es 11 de 18
Estadísticas de respuestas
Imagen Respuesta % Correcto
Escocia
100%
Gales
98%
Inglaterra
94%
Puerto Rico
91%
País Vasco
89%
Isla de Man
79%
Groenlandia
77%
Irlanda del Norte
74%
Islas Canarias
74%
Islas Feroe
72%
Yugoslavia
57%
Extremadura
42%
Islas Malvinas
38%
Sahara Occidental
38%
Azores
34%
Laponia
15%
Kuala Lumpur
13%
Ladonia
6%
No se encontraron pruebas coincidentes
Distribución de puntuación
Porcentaje de gente con cada puntuación
Porcentaje por número respondido
Historial de tus puntuaciones
No has intentado esta prueba.